|
|
|
|
| LEADER |
00000cam a2200000 7i4500 |
| 001 |
0000039559 |
| 005 |
20220712151653.0 |
| 008 |
131231 |
| 020 |
|
|
|a 9789675583070
|
| 090 |
0 |
0 |
|a JF
|b SC ENG
|
| 100 |
1 |
|
|a Badaria Mohd Kurid
|
| 245 |
1 |
0 |
|a Let's see...the skin
|c Badaria Mohd Kurid
|
| 260 |
|
|
|a K.L. :
|b Twin publications ,
|c 2013
|
| 490 |
0 |
|
|a The human body series
|
| 500 |
|
|
|a Children ages 7-9 years old (orange)
|
| 650 |
|
0 |
|a Skin
|x juvenile..
|
| 999 |
|
|
|a 0001261345
|b Book
|c Children Collection
|e Cawangan Urban Transformation Centre
|
| 999 |
|
|
|a 0001261346
|b Book
|c Children Collection
|e Cawangan Bandar Penawar
|
| 999 |
|
|
|a 0001261349
|b Book
|c Children Collection
|e Cawangan Tangkak
|
| 999 |
|
|
|a 0001261350
|b Book
|c Children Collection
|e Cawangan Bukit Gambir
|
| 999 |
|
|
|a 0001261351
|b Book
|c Children Collection
|e Cawangan Mersing
|
| 999 |
|
|
|a 0001261352
|b Book
|c Children Collection
|e Cawangan Batu Pahat
|
| 999 |
|
|
|a 0001261355
|b Book
|c Children Collection
|e Cawangan Pontian
|
| 999 |
|
|
|a 0001261356
|b Book
|c Children Collection
|e Cawangan Tmn. Ungku Tun Aminah
|
| 999 |
|
|
|a 0001261357
|b Book
|c Children Collection
|e Cawangan AEON Kulaijaya
|
| 999 |
|
|
|a 0001261359
|b Book
|c Children Collection
|e Cawangan Pontian
|
| 999 |
|
|
|a 0001261360
|b Book
|c Children Collection
|e Cawangan Tmn. Ungku Tun Aminah
|
| 999 |
|
|
|a 0001261782
|b Book
|c Children Collection
|e Perbadanan Perpustakaan Awam Johor
|